| 000 | 00695cam a22002415a 4500 | ||
|---|---|---|---|
| 001 | 016814321 | ||
| 003 | OSt | ||
| 005 | 20161017121111.0 | ||
| 008 | 140609s2014 enka fr 001 0 eng d | ||
| 020 | _a9781118931431 | ||
| 040 |
_aStDuBDS _beng _cStDuBDS _dUk _dEG-ScBUE |
||
| 082 | 0 | 4 |
_a658.404 _222 _bGRA |
| 100 | 1 | _aGraham, Nick. | |
| 245 | 1 | 0 |
_aProject management checklists for dummies / _cby Nick Graham. |
| 260 |
_aChichester : _bJohn Wiley & Sons Ltd., _c2014. |
||
| 300 |
_ax, 288 p. : _bill. ; _c22 cm. |
||
| 490 | 0 | _aFor dummies. | |
| 500 | _aIndex : p. 277-288. | ||
| 650 | 7 |
_aProject management. _2BUEsh _911664 |
|
| 651 | _2BUEsh | ||
| 653 |
_bENGGEN _cOctober2016 |
||
| 942 | _2ddc | ||
| 999 |
_c22642 _d22614 |
||